UBT Library

Principles & foundations of health promotion and education / (Record no. 41439)

000 -LEADER
fixed length control field 00890cam a22002774a 4500
001 - CONTROL NUMBER
control field 13827986
005 - DATE AND TIME OF LATEST TRANSACTION
control field 20180201032342.0
008 - FIXED-LENGTH DATA ELEMENTS--GENERAL INFORMATION
fixed length control field 041228s2006 caua b 001 0 eng
010 ## - LIBRARY OF CONGRESS CONTROL NUMBER
LC control number 2004030923
020 ## - INTERNATIONAL STANDARD BOOK NUMBER
International Standard Book Number 0805378782
035 ## - SYSTEM CONTROL NUMBER
System control number (DNLM)101237203
040 ## - CATALOGING SOURCE
Original cataloging agency DNLM/DLC
Transcribing agency DLC
Modifying agency DLC
041 ## - LANGUAGE CODE
Language code of text/sound track or separate title eng
042 ## - AUTHENTICATION CODE
Authentication code pcc
060 10 - NATIONAL LIBRARY OF MEDICINE CALL NUMBER
Classification number 613
Item number C851pa 2006
080 ## - UNIVERSAL DECIMAL CLASSIFICATION NUMBER
Universal Decimal Classification number 613
082 00 - DEWEY DECIMAL CLASSIFICATION NUMBER
Classification number 613 COT
Edition number 22
100 1# - Rafti
Rafti 46
101 ## - Shkurtesa
Shkurtesa EDU
245 10 - TITLE STATEMENT
Title Principles & foundations of health promotion and education /
Statement of responsibility, etc Randall R. Cottrell, James T. Girvan, James F. McKenzie.
246 3# - VARYING FORM OF TITLE
Title proper/short title Principles and foundations of health promotion and education
504 ## - BIBLIOGRAPHY, ETC. NOTE
Bibliography, etc Includes bibliographical references and index.
906 ## - LOCAL DATA ELEMENT F, LDF (RLIN)
a 7
b cbc
c orignew
d 1
e ecip
f 20
g y-gencatlg
942 ## - ADDED ENTRY ELEMENTS (KOHA)
Source of classification or shelving scheme
Item type Books
Holdings
Withdrawn status Lost status Source of classification or shelving scheme Damaged status Not for loan Collection code Permanent location Current location Shelving location Date acquired Total Checkouts Full call number Barcode Date last seen Price effective from Koha item type
          Koleksioni i përgjithshem UBT - Lipjan UBT - Lipjan Koleksioni i përgjithshem 02/01/2018   613 COT 002-2997659 02/01/2018 02/01/2018 Books
UBT Library © 2015-2024. All rights reserved University Education for Business and Technology